UITU Library & LRC     

Spanish Grammar for Dummies (Record no. 14788)

MARC details
000 -LEADER
fixed length control field 00496nam a2200181Ia 4500
008 - FIXED-LENGTH DATA ELEMENTS--GENERAL INFORMATION
fixed length control field 240925s9999 xx 000 0 und d
020 ## - INTERNATIONAL STANDARD BOOK NUMBER
International Standard Book Number 9781118023808
082 ## - DEWEY DECIMAL CLASSIFICATION NUMBER
Classification number 468.2421 KRA
100 ## - MAIN ENTRY--PERSONAL NAME
Personal name Kraynak, Cecie
245 #0 - TITLE STATEMENT
Title Spanish Grammar for Dummies
250 ## - EDITION STATEMENT
Edition statement NA
260 ## - PUBLICATION, DISTRIBUTION, ETC.
Place of publication, distribution, etc. New York:
Name of publisher, distributor, etc. John Wiley & Sons
Date of publication, distribution, etc. ,2012.
300 ## - PHYSICAL DESCRIPTION
Extent xxi,690p.
Other physical details NA
Type of unit Original
500 ## - GENERAL NOTE
General note Includes Index
600 ## - SUBJECT ADDED ENTRY--PERSONAL NAME
Personal name Humanities & Natural Science
650 ## - SUBJECT ADDED ENTRY--TOPICAL TERM
Topical term or geographic name entry element Spanish, Portuguese, Galician
942 ## - ADDED ENTRY ELEMENTS (KOHA)
Koha item type Books
Holdings
Withdrawn status Lost status Damaged status Not for loan Collection Home library Current library Date acquired Source of acquisition Cost, normal purchase price Total checkouts Full call number Barcode Date last seen Price effective from Koha item type
        Humanities & Basic Sciences UITU Library UITU Library 12/17/2018 Bismillah BookDepot 796.00   468.2421 KRA Q12289 09/25/2024 09/25/2024 Books

Powered by Koha